Best Movie Made In Every Year - Statistics

General Stats
  • This quiz has been taken 19 times
  • The average score is 8 of 77
Answer Stats
Hint Answer % Correct
1972: The Godfather
67%
1974: The Godfather Part II
53%
2023: Oppenheimer
47%
2001: The Lord of the Rings: The Fellowship of the Ring
40%
1997: Titanic
40%
1975: Jaws
33%
2019: Avengers: Endgame
27%
1985: Back to the Future
27%
2008: The Dark Knight
27%
1994: The Shawshank Redemption
27%
1957: 12 Angry Men
20%
1960: Psycho
20%
1993: Schindler’s List
20%
1983: Star Wars: Episode VI - The Return of the Jedi
20%
1980: Star Wars: Episode V - The Empire Strikes Back
20%
1950: Sunset Boulevard
20%
2003: The Lord of the Rings: The Return of the King
20%
1968: 2001: A Space Odyssey
13%
2018: Avengers: Infinity War
13%
1959: Ben-Hur
13%
2002: City of God
13%
1999: Fight Club
13%
2000: Gladiator
13%
2014: Interstellar
13%
1981: Raider’s of the Lost Ark
13%
1998: Saving Private Ryan
13%
1995: Seven
13%
1954: Seven Samurai
13%
1977: Star Wars: Episode IV - A New Hope
13%
1976: Taxi Driver
13%
1966: The Good, the Bad, and the Ugly
13%
1971: A Clockwork Orange
7%
2024: Dune: Part Two
7%
1996: Fargo
7%
1990: Home Alone
7%
2016: La La Land
7%
1969: Midnight Cowboy
7%
2007: No Country for Old Men
7%
2020: Nomadland
7%
1988: Rain Man
7%
1992: Reservoir Dogs
7%
1952: Singin’ in the Rain
7%
2021: Spider-Man: No Way Home
7%
2006: The Departed
7%
1973: The Exorcist
7%
1984: The Terminator
7%
2013: The Wolf of Wall Street
7%
2022: Top Gun: Maverick
7%
1958: Vertigo
7%
1979: Alien
0%
1986: Aliens
0%
2025: Avatar: Fire and Ash
0%
2026: Avengers: Doomsday
0%
1982: Blade Runner
0%
1967: Cool Hand Luke
0%
1978: Days of Heaven
0%
1989: Do the Right Thing
0%
2011: Drive
0%
1964: Dr. Strangelove
0%
2017: Dunkirk
0%
1953: From Here to Eternity
0%
2009: Inglourious Basterds
0%
2004: Kill Bill: Vol. 2
0%
2005: King Kong
0%
2015: Mad Max: Fury Road
0%
1970: Patton
0%
2012: Skyfall
0%
1951: Strangers on a Train
0%
1991: Terminator 2: Judgement Day
0%
1963: The Great Escape
0%
1955: The Night of the Hunter
0%
1987: The Princess Bride
0%
1956: The Searchers
0%
2010: The Social Network
0%
1965: The Sound of Music
0%
1962: To Kill a Mockingbird
0%
1961: West Side Story
0%
No matching quizzes found
Score Distribution
Percent of People with Each Score
Percentile by Number Answered
Your Score History
You have not taken this quiz